000 00710nam a2200289Ia 4500
005 20260324133453.0
008 008 260324s9999 xx 000 0 eng d
020 _a9780429228308
037 _aEBOOK
040 _aCRL
040 _beng
040 _cCRL
041 _2eng
041 _aeng
084 _qCRL
100 _aJulie A. Jacko; Constantine Stephanidis
_91193217
245 0 _aHuman-Computer Interaction
245 0 _bTheory and Practice (part 1), Volume 1
260 _bTaylor and Francis
260 _c2003
365 _a
365 _b1120
856 _uhttp://www.taylorfrancis.com/books/9780429228308
942 _cEBOOK
999 _c1792275
_d1792275